00238nam a2200097Ia 4500008004100000100001600041245003700057260002200094942000700116999001700123190216s9999||||xx |||||||||||||| ||und|| aKrishnayyar 0aIndiayude Sambathika Preshnangal bKerala Basha Inst cBK c37880d37880